Η στρατηγική της επικοινωνίας : η τέχνη και η τεχνική του γραπτού και προφορικού λόγου
Αποθηκεύτηκε σε:
| Κύριος συγγραφέας: | |
|---|---|
| Μορφή: | Βιβλίο |
| Γλώσσα: | Greek |
| Δημοσίευση: |
Αθήνα :
Γρηγόρης,
1999
|
| Έκδοση: | 2η εκδ. |
| Θέματα: | |
| Ετικέτες: |
Προσθήκη ετικέτας
Δεν υπάρχουν, Καταχωρήστε ετικέτα πρώτοι!
|
MARC
| LEADER | 00000cam a2200000 i 4500 | ||
|---|---|---|---|
| 001 | 1/16492 | ||
| 008 | 010131s1999 gre d | ||
| 020 | |a 960-333-039-6 | ||
| 035 | |l 10065792 | ||
| 040 | |a GR-MY-UA |b gre |e aacr | ||
| 041 | 0 | |a gre | |
| 082 | 0 | |a 401.4 | |
| 100 | 1 | |a Φραγκομίχαλος, Κωνσταντίνος Ε. | |
| 245 | 1 | 2 | |a Η στρατηγική της επικοινωνίας : |b η τέχνη και η τεχνική του γραπτού και προφορικού λόγου / |c Κώστας Ε. Φραγκομίχαλος |
| 246 | 3 | 3 | |a Στρατηγική επικοινωνίας |
| 250 | |a 2η εκδ. | ||
| 260 | |a Αθήνα : |b Γρηγόρης, |c 1999 | ||
| 300 | |a 343 σ.; |c 24 εκ. | ||
| 504 | |a Περιέχει ευρετήριο και βιβλιογραφία. | ||
| 650 | 0 | 0 | |a Business communication. |
| 650 | 0 | 0 | |a Communication. |
| 650 | 0 | 0 | |a Languages in contact. |
| 650 | 0 | 0 | |a Greek language |x Study and teaching |z Greece. |
| 852 | |a INST |b RHODES |e 20010131 |h 808.066651 ΦΡΑ |p 005400017401 |q 005400017401 |t BK |y 0 | ||
| 852 | |a INST |b SAMOS |e 20010504 |h 401.4 ΦΡΑ |p 005300021085 |q 005300021085 |t BK |y 0 | ||
| 901 | |a BIBL3-2001-2 | ||
| 901 | |a BIBL4-2001-1 | ||
| 909 | |a Σ |b 085816 | ||
| 909 | |a Ρ |b 078639 | ||
| 922 | |a 4ΔΩΡ |b 200101 | ||